[Event "Titled Tuesday intern op 4th Aug 10am"]
[Site "Chess.com INT"]
[Date "2020.08.04"]
[Round "1"]
[White "Kamsky, Gata"]
[Black "Ribeiro, Matheus Mendes Domi"]
[Result "1-0"]
[WhiteElo "2674"]
[BlackElo "2133"]
[PlyCount "81"]
[EventDate "2020.08.04"]
[EventType "swiss (blitz)"]
[EventRounds "10"]
[EventCountry "USA"]
[SourceTitle "CBM 197 Extra"]
[Source "ChessBase"]
[SourceDate "2020.09.30"]
[SourceVersion "1"]
[SourceVersionDate "2020.09.30"]
[SourceQuality "1"]

1. d4 d5 2. Nf3 Nf6 3. Bf4 e6 4. e3 Bd6 5. Ne5 O-O 6. Nd2 b6 7. c3 Bb7 8. Bd3
c5 9. Qf3 Qc7 10. O-O Nbd7 11. Nxd7 Qxd7 12. Rfe1 Rfe8 13. Be5 Bxe5 14. dxe5
Ne4 15. Nxe4 dxe4 16. Bxe4 Bxe4 17. Qxe4 Rad8 18. Qc2 Qd5 19. f4 Qd2 20. Re2
Qd5 21. c4 Qd3 22. Kf2 g6 23. Ke1 Qd7 24. Rd1 Qb7 25. Red2 Qc7 26. Rd6 Rxd6 27.
exd6 Qb7 28. Kf2 Rd8 29. e4 e5 30. fxe5 Rd7 31. Rd5 Qc8 32. Qe2 Qe8 33. Qf3 Kg7
34. Qf6+ Kg8 35. b3 a5 36. a4 h5 37. h3 Kh7 38. g4 hxg4 39. hxg4 Kg8 40. Rd3
Qe6 41. Kg3 1-0

[Event "Titled Tuesday intern op 4th Aug 10am"]
[Site "Chess.com INT"]
[Date "2020.08.04"]
[Round "2"]
[White "Williams, Simon Kim"]
[Black "Kamsky, Gata"]
[Result "1/2-1/2"]
[WhiteElo "2464"]
[BlackElo "2674"]
[PlyCount "103"]
[EventDate "2020.08.04"]
[EventType "swiss (blitz)"]
[EventRounds "10"]
[EventCountry "USA"]
[SourceTitle "CBM 197 Extra"]
[Source "ChessBase"]
[SourceDate "2020.09.30"]
[SourceVersion "1"]
[SourceVersionDate "2020.09.30"]
[SourceQuality "1"]

1. d4 d5 2. c4 c6 3. Nc3 Nf6 4. Nf3 a6 5. Qc2 Bg4 6. Ne5 Be6 7. e4 dxe4 8. Be3
Nbd7 9. Nxd7 Qxd7 10. Nxe4 Nxe4 11. Qxe4 Bf5 12. Qf3 e6 13. O-O-O Bd6 14. g4
Bg6 15. h4 h5 16. g5 O-O 17. Bd3 b5 18. c5 Bc7 19. Be4 Bxe4 20. Qxe4 Qd5 21.
Qxd5 exd5 22. Rde1 Rfe8 23. Bd2 Kh7 24. Kc2 Kg6 25. Kd3 Kf5 26. Rhg1 Re4 27.
Rxe4 dxe4+ 28. Ke2 Rd8 29. Be3 Rd7 30. b3 a5 31. f3 exf3+ 32. Kxf3 Rd5 33. Bf2
Ke6 34. Re1+ Kd7 35. Ke4 Bd8 36. Rf1 f6 37. Be3 Ke6 38. gxf6 Bxf6 39. Rg1 Kf7
40. a4 b4 41. Rg2 Bxh4 42. Bf4 Bf6 43. Rd2 g5 44. Bc7 Bd8 45. Rf2+ Kg6 46. Be5
g4 47. Rf8 Rd7 48. Rg8+ Kh7 49. Rh8+ Kg6 50. Rg8+ Kh7 51. Rh8+ Kg6 52. Rg8+
1/2-1/2

[Event "Titled Tuesday intern op 4th Aug 10am"]
[Site "Chess.com INT"]
[Date "2020.08.04"]
[Round "3"]
[White "Schekachikhin, Maksim"]
[Black "Kamsky, Gata"]
[Result "0-1"]
[WhiteElo "2406"]
[BlackElo "2674"]
[PlyCount "92"]
[EventDate "2020.08.04"]
[EventType "swiss (blitz)"]
[EventRounds "10"]
[EventCountry "USA"]
[SourceTitle "CBM 197 Extra"]
[Source "ChessBase"]
[SourceDate "2020.09.30"]
[SourceVersion "1"]
[SourceVersionDate "2020.09.30"]
[SourceQuality "1"]

1. c4 e5 2. Nc3 Nc6 3. Nf3 Nf6 4. d3 Bb4 5. e3 Bxc3+ 6. bxc3 d6 7. Be2 O-O 8.
O-O h6 9. Rb1 b6 10. e4 Ne8 11. Ne1 f5 12. exf5 Bxf5 13. Bf3 Bd7 14. Nc2 Nf6
15. Nb4 Nxb4 16. cxb4 Rb8 17. Re1 c5 18. Bb2 Qc7 19. Bc3 Bc6 20. Bxc6 Qxc6 21.
a4 Rb7 22. a5 Rbf7 23. b5 Qd7 24. h3 Qf5 25. Rb2 Nh5 26. Qg4 Qxg4 27. hxg4 Nf4
28. Rd1 Ne6 29. Ra2 Rb7 30. g3 Kh7 31. Kg2 Kg6 32. Re1 Ng5 33. Rea1 Rbf7 34.
Be1 Nf3 35. Bc3 Ng5 36. Be1 Nf3 37. Bc3 Kg5 38. axb6 axb6 39. Ra6 Rb7 40. Ra7
Rxa7 41. Rxa7 g6 42. Rd7 Kxg4 43. Rxd6 g5 44. Rxb6 Rd8 45. Re6 Rxd3 46. Ba5 Rd1
0-1

[Event "Titled Tuesday intern op 4th Aug 10am"]
[Site "Chess.com INT"]
[Date "2020.08.04"]
[Round "4"]
[White "Kamsky, Gata"]
[Black "Deepan Chakkravarthy, J."]
[Result "1-0"]
[WhiteElo "2674"]
[BlackElo "2535"]
[PlyCount "89"]
[EventDate "2020.08.04"]
[EventType "swiss (blitz)"]
[EventRounds "10"]
[EventCountry "USA"]
[SourceTitle "CBM 197 Extra"]
[Source "ChessBase"]
[SourceDate "2020.09.30"]
[SourceVersion "1"]
[SourceVersionDate "2020.09.30"]
[SourceQuality "1"]

1. d4 Nf6 2. Nf3 e6 3. Bf4 b6 4. e3 Bb7 5. Nbd2 Bd6 6. Bg3 O-O 7. Bd3 Qe7 8. e4
Bxg3 9. hxg3 h6 10. e5 Ne8 11. Qe2 c5 12. dxc5 Nc6 13. cxb6 axb6 14. c3 d6 15.
Nc4 dxe5 16. Ncxe5 Nxe5 17. Qxe5 Nf6 18. O-O Rfd8 19. Rfd1 Ra5 20. Qe2 e5 21.
b4 Ra3 22. Qxe5 Qf8 23. Bc4 Re8 24. Qc7 Ba8 25. Bb3 Ne4 26. Rd7 Rc8 27. Qf4
Nxc3 28. Re1 Rxb3 29. axb3 Bc6 30. Rd3 Nd5 31. Qd4 Nxb4 32. Rc3 Nd5 33. Rcc1
Bb7 34. Rxc8 Qxc8 35. Ne5 h5 36. f3 b5 37. Nd3 Qc2 38. Nc5 Bc6 39. b4 Qc4 40.
Qxc4 bxc4 41. Rc1 c3 42. Ne4 Nxb4 43. Nxc3 Nd5 44. Nxd5 Bxd5 45. Rc5 1-0

[Event "Titled Tuesday intern op 4th Aug 10am"]
[Site "Chess.com INT"]
[Date "2020.08.04"]
[Round "5"]
[White "Tatarinov, Dmitry"]
[Black "Kamsky, Gata"]
[Result "0-1"]
[WhiteElo "2320"]
[BlackElo "2674"]
[PlyCount "86"]
[EventDate "2020.08.04"]
[EventType "swiss (blitz)"]
[EventRounds "10"]
[EventCountry "USA"]
[SourceTitle "CBM 197 Extra"]
[Source "ChessBase"]
[SourceDate "2020.09.30"]
[SourceVersion "1"]
[SourceVersionDate "2020.09.30"]
[SourceQuality "1"]

1. c4 e5 2. Nc3 Nc6 3. Nf3 Nf6 4. e4 d6 5. Be2 Bg4 6. O-O g6 7. d3 Bg7 8. Be3
O-O 9. h3 Bxf3 10. Bxf3 Nd7 11. g3 f5 12. exf5 gxf5 13. Bd5+ Kh8 14. f4 Ne7 15.
Bg2 Ng6 16. Ne2 c6 17. Qd2 Qf6 18. d4 e4 19. b4 d5 20. c5 a6 21. a4 Qe6 22.
Rab1 Nf6 23. b5 axb5 24. axb5 h5 25. bxc6 bxc6 26. Rb6 Nd7 27. Rb7 h4 28. Qe1
Ra3 29. Bc1 Rd3 30. gxh4 Nf6 31. Kh1 Nh5 32. Qf2 Bf6 33. Rg1 Bxh4 34. Qf1 Rg8
35. Rc7 Bd8 36. Ra7 Nh4 37. Kh2 Qh6 38. Ra8 Kh7 39. Qf2 Nf6 40. Ra7+ Kh8 41.
Ra6 Ng4+ 42. hxg4 Nf3+ 43. Kg3 Qh4# 0-1

[Event "Titled Tuesday intern op 4th Aug 10am"]
[Site "Chess.com INT"]
[Date "2020.08.04"]
[Round "6"]
[White "Martirosyan, Haik M"]
[Black "Kamsky, Gata"]
[Result "1-0"]
[WhiteElo "2622"]
[BlackElo "2674"]
[PlyCount "135"]
[EventDate "2020.08.04"]
[EventType "swiss (blitz)"]
[EventRounds "10"]
[EventCountry "USA"]
[SourceTitle "CBM 197 Extra"]
[Source "ChessBase"]
[SourceDate "2020.09.30"]
[SourceVersion "1"]
[SourceVersionDate "2020.09.30"]
[SourceQuality "1"]

1. Nf3 Nf6 2. e3 d5 3. b3 g6 4. Bb2 Bg7 5. c4 c6 6. Be2 O-O 7. O-O Bg4 8. h3
Bxf3 9. Bxf3 e6 10. Nc3 Nbd7 11. Be2 a5 12. Qc2 Qb8 13. Rfd1 Rd8 14. d4 Ne8 15.
a3 Nd6 16. Bf1 b5 17. cxb5 cxb5 18. a4 b4 19. Nb5 Rc8 20. Qb1 Nf6 21. Rc1 Bf8
22. Rxc8 Qxc8 23. Qd3 Qd8 24. Rc1 Rc8 25. Rc2 Rxc2 26. Qxc2 Qc8 27. Qxc8 Nxc8
28. f3 Ne8 29. Bc1 f5 30. g4 Ned6 31. Nc7 Kf7 32. Kf2 Be7 33. Bd3 Bd8 34. Na6
Bh4+ 35. Ke2 Ke7 36. Nc5 Nb6 37. Bd2 Nd7 38. gxf5 gxf5 39. Bb5 Nxc5 40. dxc5
Ne8 41. e4 fxe4 42. fxe4 Nc7 43. Bf4 Kd8 44. Kd3 Be7 45. c6 Bc5 46. Be5 Ne8 47.
exd5 exd5 48. Bd4 Bxd4 49. Kxd4 Nc7 50. Kc5 Ke7 51. Bd3 h6 52. h4 Ke6 53. h5
Ke5 54. Kb6 Kd6 55. Kxa5 Kc5 56. Bf5 d4 57. Be4 Ne6 58. Ka6 d3 59. Bxd3 Kxc6
60. Bc4 Nd4 61. Ka5 Kc5 62. Ka6 Kc6 63. a5 Nf5 64. Ka7 Kc7 65. Ka6 Nd6 66. Bd5
Ne8 67. Kb5 Nf6 68. Bf3 1-0

[Event "Titled Tuesday intern op 4th Aug 10am"]
[Site "Chess.com INT"]
[Date "2020.08.04"]
[Round "7"]
[White "Kamsky, Gata"]
[Black "Bernadskiy, Vitaliy"]
[Result "1/2-1/2"]
[WhiteElo "2674"]
[BlackElo "2629"]
[PlyCount "79"]
[EventDate "2020.08.04"]
[EventType "swiss (blitz)"]
[EventRounds "10"]
[EventCountry "USA"]
[SourceTitle "CBM 197 Extra"]
[Source "ChessBase"]
[SourceDate "2020.09.30"]
[SourceVersion "1"]
[SourceVersionDate "2020.09.30"]
[SourceQuality "1"]

1. d4 c5 2. d5 e5 3. e4 d6 4. Nc3 Be7 5. Nf3 Nf6 6. Nd2 O-O 7. Bd3 Ng4 8. h3
Nh6 9. Nc4 f5 10. Bxh6 gxh6 11. exf5 Bxf5 12. Bxf5 Rxf5 13. Qg4+ Rg5 14. Qe6+
Kg7 15. a4 Na6 16. h4 Rxg2 17. Qh3 Rg6 18. O-O-O Qc8 19. Ne4 Qxh3 20. Rxh3 Rd8
21. h5 Rg2 22. Rg3+ Rxg3 23. fxg3 Nc7 24. c3 Ne8 25. Kc2 Nf6 26. Nxf6 Bxf6 27.
Nd2 Be7 28. Rf1 Rf8 29. Rxf8 Kxf8 30. Kd3 Kf7 31. Ne4 a6 32. a5 Ke8 33. b4 cxb4
34. cxb4 Kd7 35. Kc4 Kc7 36. b5 Kd7 37. Kb4 Kc7 38. Kc4 Kd7 39. Kb4 Kc7 40. Kc4
1/2-1/2

[Event "Titled Tuesday intern op 4th Aug 10am"]
[Site "Chess.com INT"]
[Date "2020.08.04"]
[Round "8"]
[White "Kamsky, Gata"]
[Black "Goltsev, Dmitry"]
[Result "1-0"]
[WhiteElo "2674"]
[BlackElo "2292"]
[PlyCount "87"]
[EventDate "2020.08.04"]
[EventType "swiss (blitz)"]
[EventRounds "10"]
[EventCountry "USA"]
[SourceTitle "CBM 197 Extra"]
[Source "ChessBase"]
[SourceDate "2020.09.30"]
[SourceVersion "1"]
[SourceVersionDate "2020.09.30"]
[SourceQuality "1"]

1. d4 Nf6 2. Nf3 e6 3. Bf4 Bd6 4. Bg3 O-O 5. Nbd2 b6 6. e4 Bxg3 7. hxg3 Bb7 8.
Bd3 g6 9. Qe2 Ne8 10. g4 Qf6 11. Qe3 d6 12. Ng5 c5 13. Nxh7 Qxd4 14. Qxd4 cxd4
15. Nxf8 Kxf8 16. Rh8+ Ke7 17. g5 a6 18. f4 Nd7 19. Nf3 Nc5 20. Nxd4 Nxe4 21.
Bxe4 Bxe4 22. Kf2 Rc8 23. c3 Rc5 24. Re1 Bd5 25. a3 b5 26. g4 Kd7 27. Rh7 Ke7
28. f5 gxf5 29. Nxf5+ Kd8 30. Nh6 Rc4 31. Nxf7+ Kc8 32. Kg3 e5 33. g6 Rf4 34.
Nxe5 dxe5 35. Rxe5 Rf3+ 36. Kh4 Nf6 37. Rhe7 Rf4 38. Kg5 Rf1 39. Rf5 Rxf5+ 40.
gxf5 Ne4+ 41. Kf4 Nc5 42. f6 Bc4 43. f7 Nd7 44. g7 1-0

[Event "Titled Tuesday intern op 4th Aug 10am"]
[Site "Chess.com INT"]
[Date "2020.08.04"]
[Round "9"]
[White "Javakhadze, Zurab"]
[Black "Kamsky, Gata"]
[Result "1/2-1/2"]
[WhiteElo "2454"]
[BlackElo "2674"]
[PlyCount "82"]
[EventDate "2020.08.04"]
[EventType "swiss (blitz)"]
[EventRounds "10"]
[EventCountry "USA"]
[SourceTitle "CBM 197 Extra"]
[Source "ChessBase"]
[SourceDate "2020.09.30"]
[SourceVersion "1"]
[SourceVersionDate "2020.09.30"]
[SourceQuality "1"]

1. c4 e5 2. Nc3 Nc6 3. Nf3 Nf6 4. e3 Bb4 5. Qc2 Bxc3 6. Qxc3 Qe7 7. Be2 O-O 8.
O-O d5 9. d4 exd4 10. Nxd4 Nxd4 11. Qxd4 c5 12. Qd1 Rd8 13. cxd5 Nxd5 14. Qc2
Nb4 15. Qc3 Bf5 16. b3 Bd3 17. Bb2 f6 18. Bxd3 Nxd3 19. Qc4+ Qf7 20. Qxf7+ Kxf7
21. Bc3 b5 22. Rad1 a5 23. Rd2 b4 24. Ba1 a4 25. Rb1 axb3 26. axb3 Rd7 27. Kf1
Rda7 28. Bxf6 Nxf2 29. Rxf2 gxf6 30. Rc1 Ra1 31. Rfc2 Rxc1+ 32. Rxc1 Ra3 33.
Rxc5 Rxb3 34. Ke2 Kg6 35. Kf3 h5 36. h4 Rb1 37. Rb5 b3 38. Rb7 Rb2 39. Rb5 Rb1
40. Kf2 Rb2+ 41. Kf3 Rb1 1/2-1/2

[Event "Titled Tuesday intern op 4th Aug 10am"]
[Site "Chess.com INT"]
[Date "2020.08.04"]
[Round "10"]
[White "Postny, Evgeny"]
[Black "Kamsky, Gata"]
[Result "0-1"]
[WhiteElo "2600"]
[BlackElo "2674"]
[PlyCount "118"]
[EventDate "2020.08.04"]
[EventType "swiss (blitz)"]
[EventRounds "10"]
[EventCountry "USA"]
[SourceTitle "CBM 197 Extra"]
[Source "ChessBase"]
[SourceDate "2020.09.30"]
[SourceVersion "1"]
[SourceVersionDate "2020.09.30"]
[SourceQuality "1"]

1. d4 Nf6 2. c4 g6 3. Nf3 Bg7 4. e3 d6 5. Be2 O-O 6. b3 Nbd7 7. Bb2 c6 8. Nc3
Re8 9. O-O e5 10. Qc2 e4 11. Nd2 Qe7 12. b4 Nf8 13. a4 Bf5 14. a5 h5 15. b5 Ne6
16. Nb3 Ng5 17. a6 Nf3+ 18. Kh1 Ng4 19. h3 Qh4 20. axb7 Rab8 21. bxc6 Nxf2+ 22.
Rxf2 Qxf2 23. gxf3 exf3 24. Bd3 Qxc2 25. Bxc2 Bxc2 26. Na5 Bd3 27. Nd1 Be4 28.
Nf2 Bxc6 29. Nxc6 Rxb7 30. Bc1 Rc8 31. Na5 Rb4 32. Bd2 Rb2 33. Rd1 f5 34. d5 g5
35. Nc6 Kf7 36. Nd3 Rc2 37. Ne1 Rxc4 38. Nxf3 g4 39. hxg4 hxg4 40. Nfd4 Bxd4
41. Nxd4 R8c5 42. Nxf5 Rxd5 43. Nd4 Kg6 44. Rf1 a5 45. Be1 a4 46. Bg3 a3 47.
Ne6 Ra5 48. Nf8+ Kg7 49. Ne6+ Kg6 50. Nf8+ Kg7 51. Ne6+ Kg8 52. Rf8+ Kh7 53.
Rf7+ Kg6 54. Rf1 a2 55. Nf8+ Kg7 56. Ne6+ Kg8 57. Ra1 Rb4 58. Kg2 Rb1 59. Rxa2
Rxa2+ 0-1

[Event "Titled Tuesday intern op 18th Aug"]
[Site "Chess.com INT"]
[Date "2020.08.18"]
[Round "1"]
[White "Kamsky, Gata"]
[Black "Sztokbant, Bernardo Vainzoff"]
[Result "1-0"]
[WhiteElo "2674"]
[BlackElo "2194"]
[PlyCount "87"]
[EventDate "2020.08.18"]
[EventType "swiss (blitz)"]
[EventRounds "10"]
[EventCountry "USA"]
[SourceTitle "CBM 197 Extra"]
[Source "ChessBase"]
[SourceDate "2020.09.30"]
[SourceVersion "1"]
[SourceVersionDate "2020.09.30"]
[SourceQuality "1"]

1. d4 Nf6 2. Nf3 g6 3. c3 Bg7 4. Bg5 O-O 5. Nbd2 d6 6. e4 Nbd7 7. Bd3 e5 8. O-O
c6 9. Re1 Qc7 10. a4 Re8 11. Qc2 h6 12. Bh4 Nf8 13. a5 Ne6 14. dxe5 dxe5 15. b4
Nh5 16. Bc4 Nhf4 17. Nf1 Rb8 18. Ne3 b5 19. axb6 axb6 20. Red1 Bb7 21. Bf1 Ra8
22. Nd2 h5 23. f3 Bh6 24. Bf2 Nf8 25. Nec4 Nd7 26. Nb3 Bf8 27. Qd2 Red8 28.
Rxa8 Bxa8 29. Bh4 f6 30. Bxf6 b5 31. Bxd8 Qxd8 32. Qxd7 Qg5 33. Kh1 bxc4 34.
Bxc4+ Kh8 35. Qd2 h4 36. Nc5 Qh5 37. h3 Nxh3 38. Qd8 Nf2+ 39. Kg1 Nxd1 40.
Qxf8+ Kh7 41. Bg8+ Kh8 42. Bf7+ Kh7 43. Ne6 Qh6 44. Qg8# 1-0

[Event "Titled Tuesday intern op 18th Aug"]
[Site "Chess.com INT"]
[Date "2020.08.18"]
[Round "2"]
[White "Delorme, Alban"]
[Black "Kamsky, Gata"]
[Result "1/2-1/2"]
[WhiteElo "2322"]
[BlackElo "2674"]
[PlyCount "65"]
[EventDate "2020.08.18"]
[EventType "swiss (blitz)"]
[EventRounds "10"]
[EventCountry "USA"]
[SourceTitle "CBM 197 Extra"]
[Source "ChessBase"]
[SourceDate "2020.09.30"]
[SourceVersion "1"]
[SourceVersionDate "2020.09.30"]
[SourceQuality "1"]

1. e4 b6 2. d4 Bb7 3. Nc3 e6 4. Bd3 g6 5. Nge2 Bg7 6. O-O Ne7 7. f4 f5 8. Be3
O-O 9. a3 d5 10. e5 Ba6 11. b4 Bxd3 12. Qxd3 Qd7 13. Nd1 c6 14. Nb2 Rd8 15. c3
Qb7 16. Bf2 Qa6 17. Qd2 Nd7 18. a4 Rdc8 19. a5 Qb7 20. Nd3 Nb8 21. Bh4 Re8 22.
Bxe7 Rxe7 23. Qe3 Na6 24. h4 h5 25. Rf3 Nc7 26. Rh3 Qc8 27. Rg3 Qe8 28. Kh2 Kh7
29. Ne1 Bh6 30. Nf3 Rg7 31. Ng5+ Bxg5 32. fxg5 Rg8 33. Nf4 1/2-1/2

[Event "Titled Tuesday intern op 18th Aug"]
[Site "Chess.com INT"]
[Date "2020.08.18"]
[Round "3"]
[White "Kamsky, Gata"]
[Black "Spyropoulos, Nikolaos"]
[Result "1-0"]
[WhiteElo "2674"]
[BlackElo "2425"]
[PlyCount "95"]
[EventDate "2020.08.18"]
[EventType "swiss (blitz)"]
[EventRounds "10"]
[EventCountry "USA"]
[SourceTitle "CBM 197 Extra"]
[Source "ChessBase"]
[SourceDate "2020.09.30"]
[SourceVersion "1"]
[SourceVersionDate "2020.09.30"]
[SourceQuality "1"]

1. d4 Nf6 2. Nf3 e6 3. Bf4 c5 4. e3 Nc6 5. Nbd2 b6 6. c3 Bb7 7. Bd3 Be7 8. h3
O-O 9. O-O d6 10. Qe2 Re8 11. Bh2 Rc8 12. a3 Bf8 13. e4 cxd4 14. cxd4 e5 15. d5
Nb8 16. Rfc1 Qe7 17. Bg3 h6 18. Nh2 g6 19. Bh4 Bg7 20. Ng4 Nbd7 21. Bb5 g5 22.
Nxf6+ Bxf6 23. Bg3 Red8 24. b4 Nf8 25. Nf1 Ng6 26. Ne3 Nf4 27. Qf1 Bg7 28. Bc6
Rc7 29. Nf5 Qf6 30. Bxb7 Rxb7 31. Rc6 Bf8 32. Ne3 b5 33. Rac1 Kh7 34. f3 Be7
35. Bf2 Rdd7 36. Rc8 Bd8 37. g3 Nh5 38. Kg2 Bb6 39. Nf5 Bd8 40. R1c6 Ng7 41.
Ne3 Rbc7 42. Qxb5 Rxc8 43. Rxc8 Rc7 44. Rxc7 Bxc7 45. Qd7 Bb6 46. Ng4 Qg6 47.
Bxb6 axb6 48. Qe7 1-0

[Event "Titled Tuesday intern op 18th Aug"]
[Site "Chess.com INT"]
[Date "2020.08.18"]
[Round "4"]
[White "Gelman, Alexander"]
[Black "Kamsky, Gata"]
[Result "0-1"]
[WhiteElo "2403"]
[BlackElo "2674"]
[PlyCount "48"]
[EventDate "2020.08.18"]
[EventType "swiss (blitz)"]
[EventRounds "10"]
[EventCountry "USA"]
[SourceTitle "CBM 197 Extra"]
[Source "ChessBase"]
[SourceDate "2020.09.30"]
[SourceVersion "1"]
[SourceVersionDate "2020.09.30"]
[SourceQuality "1"]

1. d4 Nf6 2. Nc3 d5 3. Bf4 c6 4. f3 Bf5 5. g4 Bg6 6. h4 h6 7. e3 e6 8. Nge2
Nbd7 9. Qd2 Bb4 10. Bg3 Qe7 11. Nf4 Nf8 12. a3 Bd6 13. O-O-O O-O-O 14. Na4 Kb8
15. Nc5 N6d7 16. Qb4 Nxc5 17. dxc5 Be5 18. Ba6 Ka8 19. Bd3 Bxd3 20. Rxd3 Nd7
21. Rb3 Nxc5 22. Kb1 Rd7 23. Nd3 Nxd3 24. Rxd3 Qxb4 0-1

[Event "Titled Tuesday intern op 18th Aug"]
[Site "Chess.com INT"]
[Date "2020.08.18"]
[Round "5"]
[White "Kamsky, Gata"]
[Black "Martinez Alcantara, Jose Eduardo"]
[Result "1-0"]
[WhiteElo "2674"]
[BlackElo "2620"]
[PlyCount "121"]
[EventDate "2020.08.18"]
[EventType "swiss (blitz)"]
[EventRounds "10"]
[EventCountry "USA"]
[SourceTitle "CBM 197 Extra"]
[Source "ChessBase"]
[SourceDate "2020.09.30"]
[SourceVersion "1"]
[SourceVersionDate "2020.09.30"]
[SourceQuality "1"]

1. d4 Nf6 2. Nf3 e6 3. Bf4 c5 4. e3 b6 5. Nbd2 Bb7 6. a4 cxd4 7. exd4 a6 8. h3
Be7 9. Bd3 d6 10. O-O O-O 11. Re1 Nbd7 12. Bh2 Re8 13. a5 b5 14. c4 bxc4 15.
Nxc4 Qb8 16. Nfd2 Bd5 17. Bf1 Ra7 18. Re3 Rb7 19. b3 Rd8 20. Rc1 Ne8 21. Rec3
Bf6 22. Ne3 Bxd4 23. Nxd5 exd5 24. Rc6 Qa7 25. Bg3 Nb8 26. Rc8 Rbd7 27. Nf3 Bc5
28. Rxd8 Rxd8 29. Bh4 Rc8 30. Qxd5 Nc7 31. Qf5 Ne6 32. Ng5 g6 33. Qg4 Re8 34.
Ne4 Nd7 35. Nxc5 Nexc5 36. Qf3 Ne5 37. Qd5 Qb8 38. Bg3 Re6 39. Rd1 Qxb3 40.
Qxb3 Nxb3 41. f4 Nc6 42. Bc4 Re3 43. Bf2 Rc3 44. Bxa6 Nbxa5 45. Rxd6 Rc1+ 46.
Kh2 Ne7 47. Rd8+ Kg7 48. Bd4+ f6 49. Rd6 Rc6 50. Bxf6+ Kf7 51. Be5 Rxd6 52.
Bxd6 Nd5 53. g3 Ke6 54. Be5 Nc6 55. Bb2 Nce7 56. Bc4 Nf5 57. Bd3 Nfe3 58. Bd4
Nf5 59. Bc5 h5 60. Bc4 Nfe3 61. Bxe3 1-0

[Event "Titled Tuesday intern op 18th Aug"]
[Site "Chess.com INT"]
[Date "2020.08.18"]
[Round "6"]
[White "Grachev, Boris V"]
[Black "Kamsky, Gata"]
[Result "1-0"]
[WhiteElo "2612"]
[BlackElo "2674"]
[PlyCount "117"]
[EventDate "2020.08.18"]
[EventType "swiss (blitz)"]
[EventRounds "10"]
[EventCountry "USA"]
[SourceTitle "CBM 197 Extra"]
[Source "ChessBase"]
[SourceDate "2020.09.30"]
[SourceVersion "1"]
[SourceVersionDate "2020.09.30"]
[SourceQuality "1"]

1. d4 Nf6 2. Bf4 g6 3. e3 Bg7 4. h3 O-O 5. Nf3 d6 6. Be2 Nc6 7. Bh2 Nd7 8. c3
e5 9. a4 f5 10. b4 Qe7 11. b5 Nd8 12. O-O Nf7 13. c4 g5 14. Nc3 c6 15. bxc6
bxc6 16. Rb1 h5 17. c5 d5 18. Nxe5 Ndxe5 19. dxe5 Bxe5 20. Bxe5 Qxe5 21. Qd4 g4
22. h4 Qxd4 23. exd4 Nd8 24. a5 Ne6 25. Rb4 Kg7 26. Bd1 Ba6 27. Re1 Kf6 28. Be2
Bxe2 29. Nxe2 Rab8 30. Reb1 Rxb4 31. Rxb4 f4 32. f3 g3 33. Kf1 Rf7 34. Ke1 Kf5
35. Kd2 Nc7 36. Rb7 a6 37. Nc1 Kf6 38. Rb6 Ne6 39. Rxc6 Kf5 40. Rd6 Rb7 41.
Rxd5+ Kf6 42. Rd6 Kf5 43. Nd3 Rb5 44. c6 Rxa5 45. Nb4 Ra4 46. Kc3 Nc7 47. Rd7
Nb5+ 48. Kb3 Ra3+ 49. Kb2 Ra4 50. Kb3 Ra3+ 51. Kc2 Rc3+ 52. Kd2 Rc4 53. Nd5
Rxd4+ 54. Ke1 Rc4 55. c7 Ke6 56. Rd8 Nxc7 57. Nxc7+ Rxc7 58. Rh8 a5 59. Rh6+
1-0

[Event "Titled Tuesday intern op 18th Aug"]
[Site "Chess.com INT"]
[Date "2020.08.18"]
[Round "7"]
[White "Nguyen, Thanh Thuy Tien"]
[Black "Kamsky, Gata"]
[Result "1/2-1/2"]
[WhiteElo "1971"]
[BlackElo "2674"]
[PlyCount "82"]
[EventDate "2020.08.18"]
[EventType "swiss (blitz)"]
[EventRounds "10"]
[EventCountry "USA"]
[SourceTitle "CBM 197 Extra"]
[Source "ChessBase"]
[SourceDate "2020.09.30"]
[SourceVersion "1"]
[SourceVersionDate "2020.09.30"]
[SourceQuality "1"]

1. Nf3 Nf6 2. c4 g6 3. Nc3 Bg7 4. e4 d6 5. d4 O-O 6. Be2 e5 7. O-O Nc6 8. d5
Ne7 9. b4 Ne8 10. a4 h6 11. c5 f5 12. exf5 gxf5 13. cxd6 cxd6 14. a5 a6 15. Be3
Nf6 16. Bb6 Qe8 17. b5 Qf7 18. Bc4 Ng6 19. Nd2 Kh8 20. g3 Rg8 21. Qe2 h5 22.
Kh1 Bh6 23. Be3 f4 24. Bb6 h4 25. Nde4 hxg3 26. fxg3 Bg4 27. Qd3 Nxe4 28. Nxe4
Qe7 29. Ra2 axb5 30. Bxb5 Rac8 31. Rc2 Rxc2 32. Qxc2 Rg7 33. Be2 Bh3 34. Rg1
Qf7 35. Nxd6 Qxd5+ 36. Ne4 fxg3 37. Rxg3 Nf4 38. Rxg7 Bxg7 39. Bf3 Qb5 40. Qd1
Qf1+ 41. Qxf1 Bxf1 1/2-1/2

[Event "Titled Tuesday intern op 18th Aug"]
[Site "Chess.com INT"]
[Date "2020.08.18"]
[Round "8"]
[White "Kamsky, Gata"]
[Black "Warmerdam, Max"]
[Result "1-0"]
[WhiteElo "2674"]
[BlackElo "2506"]
[PlyCount "96"]
[EventDate "2020.08.18"]
[EventType "swiss (blitz)"]
[EventRounds "10"]
[EventCountry "USA"]
[SourceTitle "CBM 197 Extra"]
[Source "ChessBase"]
[SourceDate "2020.09.30"]
[SourceVersion "1"]
[SourceVersionDate "2020.09.30"]
[SourceQuality "1"]

1. d4 d5 2. Nf3 e6 3. Bf4 c5 4. e3 Nf6 5. c3 Bd6 6. Bb5+ Nc6 7. Bxc6+ bxc6 8.
Bxd6 Qxd6 9. Qa4 Nd7 10. Nbd2 cxd4 11. cxd4 c5 12. dxc5 Qxc5 13. O-O O-O 14.
Rfc1 Nb6 15. Rxc5 Nxa4 16. Rc2 Ba6 17. b3 Nb6 18. Rac1 Rfc8 19. Nd4 Rxc2 20.
Rxc2 Rc8 21. Rxc8+ Nxc8 22. f4 Kf8 23. b4 Bd3 24. a4 Nb6 25. a5 Nc4 26. Nxc4
dxc4 27. Nb5 Ke7 28. Kf2 a6 29. Nc3 Kd6 30. e4 e5 31. g3 f6 32. Ke3 h5 33. h4
Kc6 34. fxe5 fxe5 35. Kf3 Bc2 36. g4 g6 37. g5 Bd3 38. Ke3 Bc2 39. Kd2 Bd3 40.
Ke3 Bc2 41. Nd5 Kb5 42. Ne7 Kxb4 43. Nxg6 c3 44. Nxe5 Kxa5 45. Nc6+ Kb5 46.
Nd4+ Kc4 47. Nxc2 Kb3 48. Kd3 a5 1-0

[Event "Titled Tuesday intern op 18th Aug"]
[Site "Chess.com INT"]
[Date "2020.08.18"]
[Round "9"]
[White "Ivanisevic, Ivan"]
[Black "Kamsky, Gata"]
[Result "0-1"]
[WhiteElo "2604"]
[BlackElo "2674"]
[PlyCount "56"]
[EventDate "2020.08.18"]
[EventType "swiss (blitz)"]
[EventRounds "10"]
[EventCountry "USA"]
[SourceTitle "CBM 197 Extra"]
[Source "ChessBase"]
[SourceDate "2020.09.30"]
[SourceVersion "1"]
[SourceVersionDate "2020.09.30"]
[SourceQuality "1"]

1. e4 e5 2. Nf3 Nc6 3. d4 exd4 4. Nxd4 Bc5 5. Nb3 Bb6 6. Nc3 Nge7 7. Qe2 O-O 8.
Be3 f5 9. O-O-O f4 10. Bxb6 axb6 11. e5 Ng6 12. Nd4 Re8 13. Nxc6 bxc6 14. Qc4+
Kh8 15. e6 d6 16. Qxc6 Bxe6 17. Bb5 Rf8 18. Rhe1 Bg8 19. Kb1 Qc8 20. Nd5 Ra7
21. a3 Ne5 22. Qc3 c6 23. Nxb6 Qb8 24. Bxc6 Qxb6 25. Rxd6 Nc4 26. Qd4 Nxa3+ 27.
Kc1 Nc4 28. Kb1 Qa5 0-1